00161nam a2200073 4500100002100000245003300021260002600054300000700080 aDissanayake,P.R. aLichen Secondary Metabolites aColombobICHEMCc2016 a28